000 00607nam a22001457a 4500
020 _a978-0-09-941031-7
082 _a823
_bGRI/P
100 _aGRISHAM,JOHN
245 _aTHE PARTNER
260 _aLONDON
_bARROW BOOKS
300 _a410
520 _aIn The Partner, Patrick Lanigan is the titular partner at an up-and-coming law firm in Mississippi. Unhappy with his unfaithful wife and miserable life, he devises a masterplan to flee his past for a new beginning abroad with his new-found love and the $90 million dollars he steals from his firm's client.
650 _aNOVEL,ENGLISH
_zLONDON
942 _cBK
999 _c2410
_d2410